[Event "2011 Edmonton Championship"]
[Site "Edmonton"]
[Date "2011.02.12"]
[Round "3.6"]
[White "Valencia, Belsar"]
[Black "Pechenkin, Vladimir"]
[Result "0-1"]
[WhiteElo "2175"]
[BlackElo "2305"]
[PlyCount "62"]
[EventDate "2011.01.06"]
[EventType "k.o."]
[EventRounds "4"]
[EventCountry "CAN"]

1. d4 f5 2. Nf3 Nf6 3. g3 e6 4. Bg2 Be7 5. O-O O-O 6. c4 d6 7. Nc3 a5 8. b3 Na6
9. Bb2 Rb8 10. a3 Bd7 11. Qc2 c6 12. e4 fxe4 13. Nxe4 Nxe4 14. Qxe4 b5 15. cxb5
Rxb5 16. Qc2 Qb6 17. Nd2 Bf6 18. Ne4 Rxb3 19. Nxf6+ Rxf6 20. Bc3 a4 21. Rfe1
Nc7 22. Bb4 Nb5 23. Qc4 Qxd4 24. Qxd4 Nxd4 25. Rac1 c5 26. Bc3 Nf3+ 27. Bxf3
Rxf3 28. Ba5 Rxa3 29. Bc7 Rfd3 30. Rb1 Rab3 31. Ra1 a3 0-1

[Event "2011 Edmonton Championship"]
[Site "Edmonton"]
[Date "2011.02.13"]
[Round "3.7"]
[White "Valencia, Belsar"]
[Black "Pechenkin, Vladimir"]
[Result "0-1"]
[WhiteElo "2175"]
[BlackElo "2305"]
[PlyCount "78"]
[EventDate "2011.01.06"]
[EventType "k.o."]
[EventRounds "4"]
[EventCountry "CAN"]

1. Nf3 f5 2. c4 Nf6 3. g3 d6 4. Bg2 e5 5. d3 Nc6 6. O-O g6 7. Nc3 Bg7 8. Rb1 h6
9. b4 O-O 10. b5 Ne7 11. a4 Be6 12. Ne1 d5 13. cxd5 Nexd5 14. Bb2 Nxc3 15. Bxc3
Nd5 16. Bb2 Qd6 17. e4 fxe4 18. dxe4 Nb6 19. Qxd6 cxd6 20. Nd3 Bc4 21. Rfd1
Nxa4 22. Ba1 Rac8 23. Bh3 Rc7 24. Rbc1 Rff7 25. Nb4 Bf8 26. Nd5 Bxd5 27. exd5
Kh7 28. Kf1 h5 29. Ke2 Bh6 30. Rxc7 Rxc7 31. Kf1 Rc5 32. Bd7 Nb6 33. Be8 Nxd5
34. Bd7 Nc7 35. Bb2 Nxb5 36. Ra1 a6 37. Re1 Bd2 38. Re2 Bc1 39. Bxb5 axb5 0-1

[Event "2011 Edmonton Championship"]
[Site "Edmonton"]
[Date "2011.02.13"]
[Round "3.8"]
[White "Pechenkin, Vladimir"]
[Black "Valencia, Belsar"]
[Result "1-0"]
[WhiteElo "2305"]
[BlackElo "2175"]
[PlyCount "55"]
[EventDate "2011.01.06"]
[EventType "k.o."]
[EventRounds "4"]
[EventCountry "CAN"]

1. Nf3 Nf6 2. g3 g6 3. b3 d6 4. d4 Bg7 5. Bb2 O-O 6. Bg2 Nbd7 7. O-O Re8 8. c4
e5 9. dxe5 Ng4 10. h3 Ngxe5 11. Nxe5 Nxe5 12. Nc3 Rb8 13. Qd2 Bd7 14. f4 Nc6
15. e4 a6 16. Kh2 f6 17. Nd5 Rf8 18. b4 Rc8 19. a4 b6 20. b5 Na5 21. Qd3 axb5
22. axb5 Kh8 23. Bd4 Be6 24. Qc3 c5 25. bxc6 Rxc6 26. Bxb6 Rxb6 27. Nxb6 Nb7
28. Ra8 1-0

[Event "2011 Edmonton Championship"]
[Site "Edmonton"]
[Date "2011.02.17"]
[Round "4.1"]
[White "Pechenkin, Vladimir"]
[Black "Porper, Edward"]
[Result "0-1"]
[WhiteElo "2392"]
[BlackElo "2517"]
[PlyCount "92"]
[EventDate "2011.01.06"]
[EventType "k.o."]
[EventRounds "4"]
[EventCountry "CAN"]

1. c4 c6 2. e4 d5 3. exd5 cxd5 4. cxd5 Nf6 5. Nc3 Nxd5 6. Bc4 Nb6 7. Bb3 Nc6 8.
Nf3 Bf5 9. d4 e6 10. O-O Be7 11. d5 exd5 12. Nxd5 Nxd5 13. Bxd5 O-O 14. Bf4 Qb6
15. Bxc6 bxc6 16. Nd4 Bg6 17. Nb3 Rad8 18. Qe2 Bf6 19. Be3 Qb5 20. Qxb5 cxb5
21. Bxa7 Bxb2 22. Rad1 Bc2 23. Rxd8 Rxd8 24. Bb6 Rd6 25. Bc5 Rd5 26. Re1 f6 27.
Bb4 Kf7 28. h3 Be5 29. Na5 f5 30. Nc6 Bf6 31. f4 Be4 32. Ne5+ Ke6 33. Rc1 Rd4
34. a3 g5 35. g3 gxf4 36. gxf4 Bh4 37. Kf1 Bd5 38. Nc6 Rxf4+ 39. Ke2 Rf2+ 40.
Kd3 Rf3+ 41. Ke2 Rxh3 42. Nd4+ Ke5 43. Nxb5 Bf3+ 44. Kd3 Bc6+ 45. Kc4 Bd5+ 46.
Kc5 Bf2+ 0-1

[Event "2011 Edmonton Reserves"]
[Site "Edmonton"]
[Date "2011.01.06"]
[Round "1"]
[White "Blyznyuk, Volodymyr"]
[Black "Wihnon, Jason"]
[Result "0-1"]
[WhiteElo "1864"]
[BlackElo "1560"]
[PlyCount "56"]
[EventDate "2011.01.06"]
[EventType "swiss"]
[EventRounds "8"]
[EventCountry "CAN"]

1. d4 Nf6 2. c4 g6 3. Nc3 d5 4. c5 Bg7 5. Nf3 O-O 6. Bg5 Nc6 7. e3 h6 8. Bh4 g5
9. Bg3 Ne4 10. Nxe4 dxe4 11. Nd2 f5 12. Bc4+ Kh7 13. f4 exf3 14. Nxf3 f4 15.
Nxg5+ hxg5 16. Qh5+ Bh6 17. Bf2 f3 18. Bf7 Bf5 19. gxf3 e5 20. e4 Bxe4 21. fxe4
Qf6 22. d5 Nb4 23. Bg6+ Qxg6 24. Qxg6+ Kxg6 25. Ke2 Rf4 26. a3 Rxe4+ 27. Kf3
Rf4+ 28. Kg3 Nxd5 0-1

[Event "2011 Edmonton Reserves"]
[Site "Edmonton"]
[Date "2011.01.06"]
[Round "1"]
[White "Borger, Rock"]
[Black "Schech, Roland"]
[Result "0-1"]
[WhiteElo "1436"]
[BlackElo "1715"]
[PlyCount "86"]
[EventDate "2011.01.06"]
[EventType "swiss"]
[EventRounds "8"]
[EventCountry "CAN"]

1. d4 Nf6 2. c4 g6 3. Nf3 Bg7 4. Nc3 d5 5. e3 O-O 6. Be2 a6 7. Qb3 dxc4 8. Bxc4
Nc6 9. Ng5 e6 10. Qa3 h6 11. Nf3 Re8 12. e4 Bf8 13. Qa4 Bd7 14. Qd1 b5 15. Bd3
Bc8 16. Be3 Ng4 17. O-O e5 18. Nd5 Bg7 19. Nxe5 Nxe3 20. fxe3 Nxe5 21. dxe5
Rxe5 22. Qf3 Be6 23. Rac1 Rc8 24. Rc5 c6 25. Nf4 Rxc5 26. Nxe6 fxe6 27. Qf7+
Kh7 28. Rd1 Rc7 29. Qxe6 Re5 30. Qb3 Rd7 31. Qc2 c5 32. b3 Rxe4 33. Bxe4 Rxd1+
34. Kf2 Rd2+ 35. Kg3 Rxc2 36. Bxc2 Qd2 37. Bxg6+ Kxg6 38. Kf4 Qxa2 39. g3 Qxb3
40. e4 Qc4 41. h4 h5 42. Ke3 Bd4+ 43. Kf4 Qf1# 0-1

[Event "2011 Edmonton Reserves"]
[Site "Edmonton"]
[Date "2011.01.06"]
[Round "1"]
[White "Broughton, Alexander"]
[Black "Davies, Robert"]
[Result "0-1"]
[WhiteElo "1179"]
[BlackElo "1678"]
[PlyCount "45"]
[EventDate "2011.01.06"]
[EventType "swiss"]
[EventRounds "8"]
[EventCountry "CAN"]

1. e4 e5 2. Nf3 Nf6 3. Nxe5 d6 4. Nf3 Nxe4 5. Qe2 Qe7 6. g3 Nc6 7. Bg2 Nf6 8.
Qxe7+ Bxe7 9. O-O O-O 10. d3 Be6 11. Bg5 h6 12. Bh4 g5 13. Bxg5 hxg5 14. Nxg5
Nh7 15. Nxe6 fxe6 16. Re1 Nd4 17. Na3 Ng5 18. Bxb7 Rab8 19. c3 Rxb7 20. cxd4
Rxb2 21. d5 Rfxf2 22. Re3 Nh3+ 23. Kh1 0-1

[Event "2011 Edmonton Reserves"]
[Site "Edmonton"]
[Date "2011.01.06"]
[Round "1"]
[White "MacLeod, Damon"]
[Black "Trepanier, Tas"]
[Result "1-0"]
[WhiteElo "1875"]
[BlackElo "1601"]
[PlyCount "59"]
[EventDate "2011.01.06"]
[EventType "swiss"]
[EventRounds "8"]
[EventCountry "CAN"]

1. e4 g6 2. d4 d6 3. Be3 Bg7 4. Nf3 Nf6 5. Nc3 Nbd7 6. Qd2 Ng4 7. Bf4 e5 8.
dxe5 dxe5 9. Bg3 O-O 10. Rd1 f6 11. Bc4+ Kh8 12. Be6 Nh6 13. Bxd7 Bxd7 14. Qxd7
Qxd7 15. Rxd7 Rf7 16. Rxf7 Nxf7 17. Nd2 Rd8 18. Ke2 Nd6 19. Rd1 a6 20. f3 Nb5
21. Nxb5 axb5 22. Nb3 Rxd1 23. Kxd1 b6 24. Bf2 h5 25. Kd2 Kh7 26. Kd3 c5 27.
Nxc5 bxc5 28. Bxc5 Kg8 29. Kc3 f5 30. Kb4 1-0

[Event "2011 Edmonton Reserves"]
[Site "Edmonton"]
[Date "2011.01.06"]
[Round "1"]
[White "Minchau, Brian"]
[Black "Kaiser, Jakob"]
[Result "1-0"]
[WhiteElo "1700"]
[BlackElo "1230"]
[PlyCount "47"]
[EventDate "2011.01.06"]
[EventType "swiss"]
[EventRounds "8"]
[EventCountry "CAN"]

1. e4 c5 2. Nf3 d6 3. d4 cxd4 4. Nxd4 Nf6 5. Nc3 Bd7 6. Be3 Nc6 7. f3 e6 8. Qd2
Be7 9. O-O-O a6 10. g4 h6 11. h4 Nxd4 12. Bxd4 O-O 13. Bd3 Nh7 14. Bf2 b5 15.
f4 f6 16. Be3 e5 17. f5 b4 18. Nd5 a5 19. Bb6 Qe8 20. Nc7 Qf7 21. b3 Rab8 22.
Bc4 d5 23. Bxd5 Be6 24. Bxe6 1-0

[Event "2011 Edmonton Reserves"]
[Site "Edmonton"]
[Date "2011.01.06"]
[Round "1"]
[White "Pasco, Alvin"]
[Black "Kaiser, Alexander"]
[Result "1-0"]
[WhiteElo "1826"]
[BlackElo "1360"]
[PlyCount "71"]
[EventDate "2011.01.06"]
[EventType "swiss"]
[EventRounds "8"]
[EventCountry "CAN"]

1. d4 d5 2. c4 dxc4 3. e4 Nf6 4. Nc3 e6 5. Bxc4 Bb4 6. Bg5 Bxc3+ 7. bxc3 h6 8.
Bxf6 Qxf6 9. Nf3 Qg6 10. Qe2 Nd7 11. O-O Nf6 12. Bd3 Nh5 13. Qe3 O-O 14. Ne5
Qf6 15. f4 Qe7 16. g4 Nf6 17. g5 hxg5 18. fxg5 Nd7 19. Nxd7 Bxd7 20. e5 g6 21.
Rf6 Kg7 22. Raf1 Be8 23. Bxg6 fxg6 24. Rxf8 Qxf8 25. Rxf8 Kxf8 26. Qf3+ Ke7 27.
Qxb7 Rd8 28. Qxa7 Rd7 29. a4 c5 30. Qxc5+ Kf7 31. a5 Rd5 32. Qb6 Rb5 33. Qc7+
Kf8 34. a6 Rb1+ 35. Kf2 Bb5 36. a7 1-0

[Event "2011 Edmonton Reserves"]
[Site "Edmonton"]
[Date "2011.01.06"]
[Round "1"]
[White "Purewal, Pal"]
[Black "Nie, Mark"]
[Result "1-0"]
[WhiteElo "1712"]
[BlackElo "1425"]
[PlyCount "81"]
[EventDate "2011.01.06"]
[EventType "swiss"]
[EventRounds "8"]
[EventCountry "CAN"]

1. e4 c5 2. Nf3 d6 3. Bb5+ Bd7 4. Bxd7+ Nxd7 5. O-O Ngf6 6. Nc3 e6 7. d3 Be7 8.
h3 O-O 9. Ne2 d5 10. e5 Ne8 11. Ng3 d4 12. Re1 b5 13. Ne4 Nb6 14. Nh2 Nc7 15.
Qg4 c4 16. Bh6 g6 17. Bxf8 Kxf8 18. Qf3 h5 19. Nf6 Bxf6 20. Qxf6 Qxf6 21. exf6
Ne8 22. Re4 Nxf6 23. Rxd4 Rc8 24. dxc4 e5 25. Rd2 Rxc4 26. b3 Rc3 27. Re1 e4
28. Re3 Rc8 29. Nf1 Nbd5 30. Re1 Nb4 31. Rc1 Nxa2 32. Ra1 Nb4 33. Rxa7 Nxc2 34.
Rd6 Kg7 35. Raa6 Ne8 36. Rdc6 Rxc6 37. Rxc6 Nd4 38. Rc5 Nd6 39. Rd5 N6f5 40.
Ne3 Nxe3 41. Rxd4 1-0

[Event "2011 Edmonton Reserves"]
[Site "Edmonton"]
[Date "2011.01.06"]
[Round "1"]
[White "Roberts, Richard"]
[Black "Bellemare, Regis"]
[Result "0-1"]
[WhiteElo "1388"]
[BlackElo "1705"]
[PlyCount "78"]
[EventDate "2011.01.06"]
[EventType "swiss"]
[EventRounds "8"]
[EventCountry "CAN"]

1. d4 Nf6 2. c4 e6 3. Nf3 b6 4. Bg5 Bb4+ 5. Nc3 h6 6. Bh4 g5 7. Bg3 Ne4 8. Qc2
Bxc3+ 9. bxc3 Nxg3 10. hxg3 Bb7 11. e4 g4 12. Nh2 Rg8 13. f3 h5 14. fxg4 hxg4
15. Nxg4 Qg5 16. Be2 f5 17. Nf2 Qxg3 18. d5 fxe4 19. Bh5+ Ke7 20. O-O-O Qf4+
21. Kb2 Rxg2 22. Rhf1 exd5 23. cxd5 d6 24. Kb1 Ba6 25. c4 Nd7 26. Qxe4+ Qxe4+
27. Nxe4 Ne5 28. Rh1 Bxc4 29. Rdg1 Rxg1+ 30. Rxg1 Bd3+ 31. Kc1 Bxe4 32. Rg7+
Kf6 33. Rxc7 Bxd5 34. a4 Be6 35. Kb2 Nd3+ 36. Ka3 Nc5 37. Bf3 d5 38. Be2 Bd7
39. Bf3 Ke6 0-1

[Event "2011 Schleinich Memorial A"]
[Site "Calgary"]
[Date "2011.01.07"]
[Round "1"]
[White "Beaudry, Lukas"]
[Black "Perron, Sean"]
[Result "1/2-1/2"]
[WhiteElo "1982"]
[BlackElo "2097"]
[PlyCount "86"]
[EventDate "2011.01.07"]
[EventType "tourn"]
[EventRounds "5"]
[EventCountry "CAN"]

1. Nf3 Nf6 2. c4 g6 3. Nc3 Bg7 4. g3 O-O 5. Bg2 d6 6. O-O c6 7. d4 Qa5 8. e4
Bg4 9. h3 Bxf3 10. Bxf3 Qb4 11. Be2 e5 12. d5 cxd5 13. Nxd5 Nxd5 14. Qxd5 Nc6
15. a3 Qc5 16. Qd3 a5 17. Be3 Nd4 18. Rab1 a4 19. Bxd4 exd4 20. b4 axb3 21.
Rxb3 Ra5 22. Rfb1 Rfa8 23. Rxb7 Rxa3 24. Rb8+ Rxb8 25. Rxb8+ Bf8 26. Qd2 Qa7
27. Qb2 Ra2 28. Qb5 Qa4 29. Qxa4 Rxa4 30. Rb5 Ra6 31. Rd5 Bg7 32. f4 Kf8 33.
Kf2 Rc6 34. Kf3 Ke7 35. g4 Rc5 36. g5 Rxd5 37. cxd5 Bh8 38. Bd3 Bg7 39. Ke2 h6
40. h4 hxg5 41. hxg5 f6 42. gxf6+ Kxf6 43. Kf3 g5 1/2-1/2

[Event "2011 Schleinich Memorial A"]
[Site "Calgary"]
[Date "2011.01.07"]
[Round "1"]
[White "Neven, Knut"]
[Black "Yearwood, Roy"]
[Result "1-0"]
[WhiteElo "2248"]
[BlackElo "2201"]
[PlyCount "99"]
[EventDate "2011.01.07"]
[EventType "tourn"]
[EventRounds "5"]
[EventCountry "CAN"]

1. e4 g6 2. d4 Bg7 3. Nf3 c6 4. Nc3 d5 5. h3 Nf6 6. Bd3 dxe4 7. Nxe4 Bf5 8.
Nxf6+ Bxf6 9. O-O Bxd3 10. Qxd3 Nd7 11. Bh6 Qa5 12. Rfe1 Qf5 13. Qe2 O-O-O 14.
g4 Qd5 15. g5 Rhe8 16. gxf6 exf6 17. Be3 Qh5 18. Nd2 Qxh3 19. Qf3 Qe6 20. c4
Nb6 21. Rac1 h5 22. d5 Qg4+ 23. Kf1 Qxf3 24. Nxf3 Re4 25. dxc6 Nxc4 26. cxb7+
Kxb7 27. Rc3 g5 28. Rec1 Rc8 29. b3 Nxe3+ 30. fxe3 Rxc3 31. Rxc3 g4 32. Nd2 Re5
33. Nc4 Re6 34. Kf2 Ka6 35. Rd3 h4 36. Rd4 f5 37. Rf4 g3+ 38. Kg2 Rh6 39. Rf1
f4 40. exf4 Re6 41. Kh3 Re2 42. Kxh4 Rxa2 43. Kxg3 f6 44. Kg4 Kb5 45. Rf3 Kb4
46. Kf5 Ra6 47. Nd2 Rc6 48. Ne4 a5 49. Nxf6 Rc3 50. Nd5+ 1-0

[Event "2011 Schleinich Memorial A"]
[Site "Calgary"]
[Date "2011.01.07"]
[Round "1"]
[White "Robichaud, Martin"]
[Black "Daniluk, Jim"]
[Result "1/2-1/2"]
[WhiteElo "2236"]
[BlackElo "2045"]
[PlyCount "113"]
[EventDate "2011.01.07"]
[EventType "tourn"]
[EventRounds "5"]
[EventCountry "CAN"]

1. e4 c5 2. c3 d5 3. exd5 Qxd5 4. d4 Nf6 5. Nf3 Bg4 6. Be2 e6 7. O-O Nc6 8. h3
Bh5 9. Be3 cxd4 10. cxd4 Be7 11. Nc3 Qd8 12. Qb3 Rb8 13. d5 exd5 14. Rfd1 O-O
15. Nxd5 Qe8 16. Bf4 Rd8 17. Bb5 Rxd5 18. Rxd5 Nxd5 19. Qxd5 Bxf3 20. gxf3 Qc8
21. Qe4 Bf6 22. Re1 Nd4 23. Bf1 Qe6 24. Kg2 Qxe4 25. fxe4 Ne6 26. Be3 b6 27. b3
h6 28. Bc4 Nc5 29. e5 Be7 30. f4 Rd8 31. f5 Nd3 32. Re2 Nxe5 33. Bxb6 axb6 34.
Rxe5 Rd2+ 35. Kf3 Kf8 36. a4 Rh2 37. Rb5 Bd8 38. Rd5 Ke7 39. Bb5 Rxh3+ 40. Kg4
Rxb3 41. Rd7+ Ke8 42. Rd3+ Rxb5 43. axb5 Be7 44. Kh5 Bc5 45. f6 gxf6 46. Kxh6
Ke7 47. Kg7 f5 48. Rd1 f4 49. Kh6 Kf6 50. Kh5 f3 51. Kg4 f2 52. Kf3 Ke5 53. Ke2
f5 54. Rd8 f4 55. Rh8 Kd5 56. Rh1 Kc4 57. Rb1 1/2-1/2

[Event "2011 Schleinich Memorial A"]
[Site "Calgary"]
[Date "2011.01.08"]
[Round "2"]
[White "Perron, Sean"]
[Black "Neven, Knut"]
[Result "1-0"]
[WhiteElo "2097"]
[BlackElo "2248"]
[PlyCount "119"]
[EventDate "2011.01.07"]
[EventType "tourn"]
[EventRounds "5"]
[EventCountry "CAN"]

1. e4 e6 2. d4 d5 3. Nc3 Bb4 4. e5 c5 5. a3 Bxc3+ 6. bxc3 Ne7 7. h4 Qc7 8. Nf3
Bd7 9. h5 h6 10. Rh4 Nbc6 11. g3 O-O-O 12. Bh3 f6 13. Kf1 cxd4 14. exf6 gxf6
15. cxd4 e5 16. dxe5 fxe5 17. Bxd7+ Qxd7 18. Kg1 Nf5 19. Rh2 e4 20. Ne1 Qg7 21.
Bf4 d4 22. Rb1 Rhf8 23. Qe2 Qe7 24. Qc4 Nd6 25. Qe2 Rf6 26. f3 Re6 27. Qf1 e3
28. Qh3 Qd7 29. Re2 Nc4 30. Rb3 N6e5 31. Bxe5 Rxe5 32. Qxd7+ Rxd7 33. g4 Nd2
34. Rd3 Rb5 35. Kg2 Kc7 36. c3 Rb3 37. cxd4 Rxd3 38. Nxd3 Nc4 39. Ne5 Rxd4 40.
Nxc4 Rxc4 41. Rxe3 Rc6 42. Kg3 b5 43. Rb3 Kb6 44. g5 hxg5 45. Kg4 a5 46. Kxg5
Rc5+ 47. Kg6 Rc6+ 48. Kg5 Rc5+ 49. Kg4 Rc1 50. f4 Rg1+ 51. Rg3 Rh1 52. Kg5 b4
53. axb4 axb4 54. Kg6 Kc5 55. f5 {Both players playing on incremental time.}
Kc4 56. f6 b3 57. Rg2 Kc3 58. f7 Rf1 59. Kg7 b2 60. Rxb2 1-0

[Event "2011 Schleinich Memorial A"]
[Site "Calgary"]
[Date "2011.01.08"]
[Round "2"]
[White "Robichaud, Martin"]
[Black "Beaudry, Lukas"]
[Result "0-1"]
[WhiteElo "2236"]
[BlackElo "1982"]
[PlyCount "62"]
[EventDate "2011.01.07"]
[EventType "tourn"]
[EventRounds "5"]
[EventCountry "CAN"]

1. e4 c5 2. c3 d6 3. d4 Nf6 4. Bd3 Nc6 5. d5 Ne5 6. f4 Nxd3+ 7. Qxd3 g6 8. Nf3
Bg7 9. O-O O-O 10. c4 b5 11. cxb5 a6 12. Re1 axb5 13. Qxb5 Ba6 14. Qb3 Rb8 15.
Qc2 e6 16. dxe6 fxe6 17. Ng5 Qe7 18. Nc3 Ng4 19. e5 dxe5 20. Qd1 h5 21. Qc2 Rf5
22. Bd2 exf4 23. Nf3 Bd4+ 24. Nxd4 cxd4 25. Bxf4 Rc8 26. Nd5 Qa7 27. Nc7 d3+
28. Be3 Nxe3 29. Qb3 Ng4+ 30. Kh1 Nf2+ 31. Kg1 Nh3+ 0-1

[Event "2011 Schleinich Memorial A"]
[Site "Calgary"]
[Date "2011.01.08"]
[Round "2"]
[White "Yearwood, Roy"]
[Black "Daniluk, Jim"]
[Result "1-0"]
[WhiteElo "2201"]
[BlackElo "2045"]
[PlyCount "49"]
[EventDate "2011.01.07"]
[EventType "tourn"]
[EventRounds "5"]
[EventCountry "CAN"]

1. d4 Nf6 2. Bf4 d6 3. e3 g6 4. Nf3 Nh5 5. Bg5 h6 6. Bh4 g5 7. Bg3 Nxg3 8. hxg3
Bg7 9. Bd3 e5 10. c3 Qe7 11. Nbd2 Nd7 12. Qb3 c6 13. O-O-O Nf6 14. Qc2 Bg4 15.
dxe5 dxe5 16. Bf5 O-O 17. Nxg5 Bxf5 18. Qxf5 hxg5 19. Qxg5 Qe6 20. Rh4 Rfd8 21.
Rdh1 Kf8 22. Ne4 Qxa2 23. Nxf6 Qa1+ 24. Kc2 Qa4+ 25. Kc1 1-0

[Event "2011 Schleinich Memorial A"]
[Site "Calgary"]
[Date "2011.01.08"]
[Round "3"]
[White "Daniluk, Jim"]
[Black "Beaudry, Lukas"]
[Result "1/2-1/2"]
[WhiteElo "2045"]
[BlackElo "1982"]
[PlyCount "97"]
[EventDate "2011.01.07"]
[EventType "tourn"]
[EventRounds "5"]
[EventCountry "CAN"]

1. d4 Nf6 2. c4 e6 3. g3 d5 4. Nf3 Be7 5. Bg2 O-O 6. O-O Nbd7 7. Ne5 c6 8. Nc3
Nxe5 9. dxe5 Nd7 10. cxd5 cxd5 11. f4 f6 12. Bh3 Qb6+ 13. Kh1 fxe5 14. f5 Nf6
15. fxe6 Bxe6 16. Bxe6+ Qxe6 17. Qb3 Kh8 18. Bg5 Qc6 19. Qb5 d4+ 20. Qxc6 bxc6
21. Bxf6 gxf6 22. Na4 Rad8 23. Rac1 Rd6 24. Rc5 Rc8 25. Ra5 Rc7 26. Nc5 Rd5 27.
b4 Bxc5 28. bxc5 Kg7 29. Kg2 Kf7 30. g4 Ke6 31. Kf3 Rd8 32. Ke4 Rb8 33. g5 fxg5
34. Rf5 Rb2 35. Rxe5+ Kf6 36. Rf5+ Kg6 37. Rf2 Rd7 38. Kd3 g4 39. Ra6 Kg5 40.
Rxc6 Rxa2 41. Rd6 Rxd6 42. cxd6 Ra6 43. Rf7 Rxd6 44. Rg7+ Kf5 45. Rxh7 a6 46.
Rh8 Re6 47. Kxd4 Rxe2 48. Rf8+ Kg6 49. Rg8+ 1/2-1/2

[Event "2011 Schleinich Memorial A"]
[Site "Calgary"]
[Date "2011.01.08"]
[Round "3"]
[White "Neven, Knut"]
[Black "Robichaud, Martin"]
[Result "1-0"]
[WhiteElo "2248"]
[BlackElo "2236"]
[PlyCount "95"]
[EventDate "2011.01.07"]
[EventType "tourn"]
[EventRounds "5"]
[EventCountry "CAN"]

1. e4 e6 2. d4 d5 3. e5 c5 4. c3 Qb6 5. Nf3 Bd7 6. Nbd2 Bb5 7. c4 dxc4 8. Nxc4
Bxc4 9. Qa4+ Nc6 10. Bxc4 cxd4 11. O-O Qb4 12. Qc2 Nge7 13. a3 Qb6 14. b4 Ng6
15. Qe4 Be7 16. h4 Qc7 17. Re1 d3 18. Bb2 d2 19. Red1 Rc8 20. Bb3 Rd8 21. Ba4
a6 22. b5 axb5 23. Bxb5 Bc5 24. h5 Nge7 25. Bd3 Nf5 26. Rxd2 Nfd4 27. Re1 Nxf3+
28. gxf3 Qe7 29. Rc2 g6 30. Bb5 O-O 31. Bxc6 bxc6 32. Qf4 gxh5 33. Rxc5 f5 34.
Rxc6 Kh8 35. Rd6 Rb8 36. Bd4 Rg8+ 37. Kf1 Qb7 38. Rb6 Qc7 39. Rc1 Qa7 40. Rxe6
Qxa3 41. Qd2 Qxf3 42. Re7 Qh3+ 43. Ke2 Qg4+ 44. f3 Qg2+ 45. Bf2 f4 46. Rcc7
Rgd8 47. Rxh7+ Kg8 48. Qa2+ 1-0

[Event "2011 Schleinich Memorial A"]
[Site "Calgary"]
[Date "2011.01.08"]
[Round "3"]
[White "Perron, Sean"]
[Black "Yearwood, Roy"]
[Result "0-1"]
[WhiteElo "2097"]
[BlackElo "2201"]
[PlyCount "112"]
[EventDate "2011.01.07"]
[EventType "tourn"]
[EventRounds "5"]
[EventCountry "CAN"]

1. e4 e5 2. Nf3 Nc6 3. d4 exd4 4. Nxd4 Bc5 5. Nb3 Bb4+ 6. c3 Be7 7. g3 Nf6 8.
Bg2 d6 9. O-O Bg4 10. Qc2 Qd7 11. f3 Bh3 12. Bg5 Bxg2 13. Qxg2 O-O 14. c4 Ne5
15. Qe2 Qa4 16. Rc1 h6 17. Be3 c6 18. N3d2 d5 19. b3 Qa6 20. exd5 Nxd5 21. Bd4
Ng6 22. Ne4 Rad8 23. Nbc3 Nxc3 24. Bxc3 f5 25. Nf2 Bc5 26. Kg2 Rde8 27. Qb2 Ba3
28. Qc2 Bxc1 29. Rxc1 c5 30. Ba1 Qc6 31. Qc3 Rf7 32. Re1 Rxe1 33. Qxe1 b6 34.
Qc3 Re7 35. Nd3 Qe6 36. f4 Qe4+ 37. Kg1 Qe3+ 38. Kf1 Rd7 39. Nf2 Qxc3 40. Bxc3
Re7 41. Nd1 Nf8 42. Kf2 g6 43. Ne3 Kf7 44. Be5 Nd7 45. Bc3 Re4 46. Nd5 Ke6 47.
Nc7+ Ke7 48. Nd5+ Kd6 49. Kf3 h5 50. h3 Re6 51. Kf2 Kc6 52. a4 a6 53. Kf3 b5
54. axb5+ axb5 55. Ne3 b4 56. Bg7 Nf6 0-1

[Event "2011 Schleinich Memorial A"]
[Site "Calgary"]
[Date "2011.01.09"]
[Round "4"]
[White "Beaudry, Lukas"]
[Black "Neven, Knut"]
[Result "0-1"]
[WhiteElo "1982"]
[BlackElo "2248"]
[PlyCount "112"]
[EventDate "2011.01.07"]
[EventType "tourn"]
[EventRounds "5"]
[EventCountry "CAN"]

1. c4 Nf6 2. Nc3 d5 3. e3 g6 4. Nf3 Bg7 5. Qb3 c6 6. cxd5 cxd5 7. Bb5+ Nc6 8.
e4 dxe4 9. Ne5 O-O 10. Nxc6 bxc6 11. Bxc6 Be6 12. Qa4 Rc8 13. O-O Qb6 14. Bb5
Rfd8 15. Be2 Bd7 16. Qb3 Qd6 17. Re1 Rb8 18. Qc4 Bc6 19. a3 e6 20. Bd1 Bd5 21.
Qa4 a6 22. d3 Bc6 23. Qc4 Bb5 24. Nxe4 Nxe4 25. Qxe4 Bxd3 26. Qf3 Bxb2 27. Bxb2
Rxb2 28. Rc1 Bb5 29. Bb3 Rd2 30. Rc3 Rd4 31. h3 Ba4 32. Qb7 Bxb3 33. Rxb3 Qd5
34. Qb6 Rd1 35. Rxd1 Qxd1+ 36. Kh2 Qd6+ 37. g3 Qxb6 38. Rxb6 a5 39. Ra6 Rd5 40.
a4 h5 41. Kg2 Kg7 42. Kf3 Kf6 43. Ke3 g5 44. Rb6 g4 45. h4 Ke5 46. Rb7 f6 47.
Rb6 Kf5 48. Rc6 e5 49. Ra6 e4 50. Rb6 Ke5 51. Rb3 Rc5 52. Rb6 f5 53. Rb3 Rd5
54. Rc3 Rd3+ 55. Rxd3 exd3 56. Kxd3 f4 0-1

[Event "2011 Schleinich Memorial A"]
[Site "Calgary"]
[Date "2011.01.09"]
[Round "4"]
[White "Daniluk, Jim"]
[Black "Perron, Sean"]
[Result "1/2-1/2"]
[WhiteElo "2045"]
[BlackElo "2097"]
[PlyCount "35"]
[EventDate "2011.01.07"]
[EventType "tourn"]
[EventRounds "5"]
[EventCountry "CAN"]

1. d4 Nf6 2. c4 g6 3. Nc3 Bg7 4. e4 d6 5. h3 O-O 6. Bg5 c5 7. d5 e6 8. Nge2 a6
9. g4 Qa5 10. Qd2 exd5 11. Bxf6 Bxf6 12. Nxd5 Qxd2+ 13. Kxd2 Bxb2 14. Rb1 Bg7
15. Ne7+ Kh8 16. Nxc8 Rxc8 17. Rxb7 Kg8 18. Nc3 1/2-1/2

[Event "2011 Schleinich Memorial A"]
[Site "Calgary"]
[Date "2011.01.09"]
[Round "4"]
[White "Yearwood, Roy"]
[Black "Robichaud, Martin"]
[Result "1-0"]
[WhiteElo "2201"]
[BlackElo "2236"]
[PlyCount "69"]
[EventDate "2011.01.07"]
[EventType "tourn"]
[EventRounds "5"]
[EventCountry "CAN"]

1. d4 d5 2. Bf4 c5 3. Nc3 Nf6 4. e3 a6 5. dxc5 Nc6 6. a3 e5 7. Bg5 Be6 8. b4
Be7 9. Bxf6 Bxf6 10. e4 O-O 11. exd5 e4 12. Nge2 Bg4 13. Qd2 Bg5 14. Qd1 e3 15.
f3 Bxf3 16. gxf3 Qf6 17. Ne4 Qxf3 18. N2g3 Qf4 19. dxc6 Rad8 20. Bd3 Rfe8 21.
Rf1 Qe5 22. Rf5 e2 23. Kxe2 Qe7 24. Kf3 Bh4 25. Kg2 g6 26. Rf3 f5 27. Nd6 Rf8
28. Qe2 Qg5 29. Bc4+ Kg7 30. Qe5+ Kh6 31. Qf4 b5 32. Nf7+ Rxf7 33. Bxf7 Rd2+
34. Kg1 Bxg3 35. Qxg5+ 1-0

[Event "2011 Schleinich Memorial A"]
[Site "Calgary"]
[Date "2011.01.09"]
[Round "5"]
[White "Neven, Knut"]
[Black "Daniluk, Jim"]
[Result "1-0"]
[WhiteElo "2248"]
[BlackElo "2045"]
[PlyCount "80"]
[EventDate "2011.01.07"]
[EventType "tourn"]
[EventRounds "5"]
[EventCountry "CAN"]

1. e4 c5 2. Nf3 Nc6 3. d4 cxd4 4. Nxd4 Nf6 5. Nc3 e5 6. Ndb5 d6 7. a4 Be7 8.
Bc4 a6 9. Na3 O-O 10. O-O h6 11. h3 Nh7 12. Bd5 Bg5 13. Nc4 Ne7 14. a5 Bxc1 15.
Rxc1 Ng6 16. Nxd6 Qxa5 17. Nxc8 Raxc8 18. g3 Qb4 19. Bb3 Ng5 20. Qg4 Rxc3 21.
bxc3 Qxc3 22. Kg2 Kh8 23. Rcd1 Qb4 24. f3 Ne7 25. h4 Nh7 26. Qd7 Nf6 27. Qd6
Qxd6 28. Rxd6 Nc6 29. c3 Na5 30. Ba2 Rc8 31. Bxf7 Rxc3 32. Rd8+ Kh7 33. h5 g6
34. hxg6+ Kg7 35. Bd5 Nc6 36. Rc8 Kxg6 37. Rb1 Nxd5 38. exd5 Rc2+ 39. Kh3 Nd4
40. Rxc2 Nxc2 1-0